|
|
|
|
| LEADER |
01724nam a2200493 i 4500 |
| 001 |
nkc20203215799 |
| 003 |
CZ PrNK |
| 005 |
20200617094215.0 |
| 007 |
ta |
| 008 |
200423s2020 xr a f 000 0 eng |
| 015 |
|
|
|a cnb003215799
|
| 020 |
|
|
|a 978-80-7556-061-2
|q (brožováno)
|
| 035 |
|
|
|a (OCoLC)1200249045
|
| 040 |
|
|
|a BOA001
|b cze
|d ABA001
|e rda
|
| 072 |
|
7 |
|a 37
|x Výchova a vzdělávání
|2 Konspekt
|9 22
|
| 080 |
|
|
|a 37.013.77
|2 MRF
|
| 080 |
|
|
|a 613.86
|2 MRF
|
| 080 |
|
|
|a 37.043.2
|2 MRF
|
| 080 |
|
|
|a 37.064
|2 MRF
|
| 080 |
|
|
|a (062.552)
|2 MRF
|
| 100 |
1 |
|
|a Gajdošová, Eva,
|d 1951-
|7 xx0040413
|4 aut
|4 edt
|
| 245 |
1 |
0 |
|a Applied psychology in school :
|b almanac of scientific studies /
|c Eva Gajdošová et al.
|
| 264 |
|
1 |
|a České Budějovice :
|b Vysoká škola evropských a regionálních studií, z.ú.,
|c 2020
|
| 300 |
|
|
|a 204 stran :
|b ilustrace ;
|c 21 cm
|
| 336 |
|
|
|a text
|b txt
|2 rdacontent
|
| 337 |
|
|
|a bez média
|b n
|2 rdamedia
|
| 338 |
|
|
|a svazek
|b nc
|2 rdacarrier
|
| 500 |
|
|
|a 60 výtisků
|
| 504 |
|
|
|a Obsahuje bibliografie
|
| 650 |
0 |
7 |
|a školní psychologie
|7 ph136585
|2 czenas
|
| 650 |
0 |
7 |
|a duševní zdraví
|7 ph119649
|2 czenas
|
| 650 |
0 |
7 |
|a integrovaná výchova a vzdělávání
|7 ph121132
|2 czenas
|
| 650 |
0 |
7 |
|a klima školy
|7 ph249611
|2 czenas
|
| 650 |
0 |
9 |
|a school psychology
|2 eczenas
|
| 650 |
0 |
9 |
|a mental health
|2 eczenas
|
| 650 |
0 |
9 |
|a integrated education
|2 eczenas
|
| 650 |
0 |
9 |
|a school environment
|2 eczenas
|
| 655 |
|
7 |
|a sborníky
|7 fd724344
|2 czenas
|
| 655 |
|
9 |
|a papers
|2 eczenas
|
| 910 |
2 |
|
|a BOA001
|b 2-1447.012
|
| 990 |
|
|
|a BK
|
| 995 |
|
|
|a 01
|
| 991 |
|
|
|b 202006
|c NOV
|
| 996 |
6 |
|
|b 2610823729
|c 2-1447.012
|l MZK
|r Sklad / do 1 hodiny
|n 0
|p p.v.
|w 001802175
|u 000010
|a 1
|e BOA001
|j MZK50
|s P
|